Представление документа в формате MARC21

Поле Инд. ПП Название Значение
Тип записи a
Библиографический уровень m
001 Контрольный номер bb4a1dcc-fa7f-4847-909f-5f61287edc4e
005 Дата корректировки 20140226142359.4
008 Кодируемые данные 960429 d
020 c Цена, тираж 1000.00
040 a Служба первич. каталог. НБ ТвГУ
041 a Код языка текста rus
080 a Индекс УДК 539.19(075.8)
084 a Индекс другой классификации/Индекс ББК В36я731-1
090 x Авторский знак К38
a Полочн. индекс 530.3
100 1_ a Автор Кикоин Абрам Константинович
245 10 a Заглавие Молекулярная физика
b Продолж. заглавия Учеб. пособие для студентов физ. спец. вузов
c Ответственность А. К. Кикоин, И. К. Кикоин
250 a Основные сведения об издании 2-е изд.
b Дополнительные сведения об издании перераб.
260 0_ a Место издания Москва
b Издательство Наука
c Дата издания 1976
300 a Объем 480 с.
b Иллюстрации/ тип воспроизводства ил., табл.
440 a Серия Общий курс физики
504 a Библиография Предм. указ.: с.479-480.
583 a Действие Приписка 359 17.11.97
k Исполнитель действия Городецкий А.А.
650 a Основная рубрика Молекулярная физика
x Основная подрубрика Учебники для вузов
653 a Ключевые слова Молекулярная физика
a Ключевые слова Учебники
700 1_ a Другие авторы Кикоин Исаак Константинович
e Роль лиц авт.
852 t Порядковый номер экземпляра 183
p Инвентарный номер 689577
p Инвентарный номер 416521
p Инвентарный номер 416522
p Инвентарный номер 1154 - 180 экз.
888 a За наличные
930 a Новая/Ретро Учебники
952 p 359 1000.00 1 689577
c Вид литературы К ру
954 a Дата поступления на обработку 18.11.97
999 a Подразделение 2 Фил3